Os mais belos contos de Grimm (Registo nº 764)

Detalhes MARC
000 -Etiqueta do registo
Cabeçalho 00823nam0a2200265 4500
005 - Identificador da versão
Campo de controlo 20240822155529.0
010 ## - Número internacional normalizado dos livros (ISBN)
Número (ISBN) 9722610058
021 ## - Número do Depósito Legal
Código do país PT
Número 55 879/92
100 ## - Dados gerais de processamento
Dados gerais de processamento 20150709d1994 a e0pory5003 ba
101 1# - Língua de publicação
Língua do texto, banda sonora, etc. Português
Língua do documento no original Italiano
102 ## - Pais de publicação ou produção
País de publicação Portugal
200 1# - Titulo e menção de responsabilidade
Título próprio Os mais belos contos de Grimm
Primeira menção de responsabilidade il. por Alexander Koshkin
210 ## - Publicação, Distribuição, etc. 
Lugar da edição, distribuição, etc. [S. l.]
Nome do editor, distribuidor, etc. Civilização
Data da publicação, distribuição, etc. cop. 1992
Data da impressão imp. 1994
215 ## - Descrição física 
Indicação específica da natureza do documento e extensão da espécie 98, [2] p.
Outras indicações físicas il. color
225 2# - Colecção 
Título próprio da colecção Os mais belos contos
300 ## - Notas gerais 
Texto da nota Plano Nacional de Leitura
606 ## - Nome comum usado como assunto
Número de registo de entrada de autoridade 0002347
Palavra de ordem Literatura alemã
Subdivisão de assunto Conto
Código do sistema CA
675 ## - Classificação Decimal Universal (CDU)
Notação 821.112.2-34
Edição 3ª ed.
Língua da edição por
700 #1 - Nome de autor-pessoa física (responsabilidade principal)
Número de registo de entrada de autoridade 0002349
Palavra de ordem Grimm
Outra parte do nome não tomada para palavra de ordem Jacob Ludwig Karl
Elementos de identificação ou distinção e outro
Datas 1785-1863
701 #1 - Nome de autor-pessoa física (co-responsabilidade principal)
Palavra de ordem Grimm
Outra parte do nome não tomada para palavra de ordem Wilhelm Karl
Elementos de identificação ou distinção e outro
Datas 1786-1859
Código de função Autor / Co-autor
702 #1 - Nome de autor-pessoa física (responsabilidade secundária)
Número de registo de entrada de autoridade 0002351
Palavra de ordem Koshkin
Outra parte do nome não tomada para palavra de ordem Alexander
942 ## - Elementos de entrada adicionados (Koha)
Tipo de item no Koha Livro
966 ## - Identificação da Biblioteca
Sigla EB2,3ENM
Exemplares
Situação do levantamento Origin of item (home branch) (coded) Biblioteca de empréstimo Código de barras Cota Circulation type (not for loan) Tipo de documento Nota do exemplar Damaged status
  Biblioteca Escolar Eng. Nuno Mergulhão Biblioteca Escolar Eng. Nuno Mergulhão BENM1463 82LE-34 GRI PNL   Livro Sem mensagem  
  Biblioteca Escolar Eng. Nuno Mergulhão Biblioteca Escolar Eng. Nuno Mergulhão BENM1466 82LE-34 GRI PNL   Livro Sem mensagem  
  Biblioteca Escolar Eng. Nuno Mergulhão Biblioteca Escolar Eng. Nuno Mergulhão BENM1467 82LE-34 GRI PNL   Livro Sem mensagem  
  Biblioteca Escolar Eng. Nuno Mergulhão Biblioteca Escolar Eng. Nuno Mergulhão BENM1468 82LE-34 GRI PNL   Livro Sem mensagem  
  Biblioteca Escolar Eng. Nuno Mergulhão Biblioteca Escolar Eng. Nuno Mergulhão BENM1469 82LE-34 GRI PNL   Livro Sem mensagem  
  Biblioteca Escolar Eng. Nuno Mergulhão Biblioteca Escolar Eng. Nuno Mergulhão BENM1470 82LE-34 GRI PNL   Livro Sem mensagem  
  Biblioteca Escolar Eng. Nuno Mergulhão Biblioteca Escolar Eng. Nuno Mergulhão BENM1471 82LE-34 GRI PNL   Livro Sem mensagem  
  Biblioteca Escolar Eng. Nuno Mergulhão Biblioteca Escolar Eng. Nuno Mergulhão BENM1472 82LE-34 GRI PNL   Livro Sem mensagem  
  Biblioteca Escolar Eng. Nuno Mergulhão Biblioteca Escolar Eng. Nuno Mergulhão BENM1473 82LE-34 GRI PNL   Livro Sem mensagem  
  Biblioteca Escolar Eng. Nuno Mergulhão Biblioteca Escolar Eng. Nuno Mergulhão BENM1474 82LE-34 GRI PNL   Livro Sem mensagem